000 00885nam a2200253 a 4500
003 OSt
005 20130703131348.0
008 130703s1994 sz ||||| |||| 00| 0 spa d
020 _a92 4 320845 4
040 _cBiblioteca Medicina
041 _aspa
082 _aOMS IT 845
110 _aOrganizacion Mundial de la Salud
_91006
245 0 0 _aApoyo informativo para una nueva accion de salud publica a nivel de distrito.
_bInforme de un Comite de Expertos de la OMS
250 _a1° ed.
260 _aGinebra
_bOrganizacion Mundial de la Salud
_c1994
300 _a33 p.
440 0 0 _aInformes Tecnicos
_n845
_92485
653 _aSISTEMAS DE INFORMACION
653 _aADMINISTRACION EN SALUD PUBLICA
653 _aSERVICIOS DE SALUD COMUNITARIA
942 _2ddc
_cPH
999 _c1552
_d1552
952 _pH0067
_40
_00
_bBFM
_10
_oOMS IT 845
_d2013-07-03
_tEj. 1
_8NFIC
_70
_cCR
_2ddc
_yPH
_aBFM